LEADER 01057nam0 22002771i 450 001 UON00107527 005 20231205102622.17 100 $a20020107d1983 |0itac50 ba 101 $amlt 102 $aMT 105 $a|||| 1|||| 200 1 $aDizzjunarju taz-zghar$eIt-tien ktieb ta' kliem bl-istampi$fVictor Fenech$gtpingija Joe Mallia 210 $aMalta$cKotba Merill$d1983 215 $a24 p.$cill.$d20 cm 606 $aLINGUA MALTESE$xDizionari arabi$3UONC022014$2FI 620 $aMT$dMalta$3UONL000724 686 $aMLT I$cOPERE INTERDISCIPLINARI - GUIDE$2A 700 1$aFENECH$bVictor$3UONV068558$0665651 702 1$aMALLIA$bJoe$3UONV068570 712 $aKotba Merill$3UONV261428$4650 801 $aIT$bSOL$c20240220$gRICA 899 $aSIBA - SISTEMA BIBLIOTECARIO DI ATENEO$2UONSI 912 $aUON00107527 950 $aSIBA - SISTEMA BIBLIOTECARIO DI ATENEO$dSI MLT I 008 (Misc. c) $eSI SA 64664 5 008 (Misc. c) 996 $aDizzjunarju taz-zghar$91306825 997 $aUNIOR